U.S. Forests Commonly Planted Trees (with hints!) - Statistics

General Stats
  • This quiz has been taken 17 times
  • The average score is 6 of 10
Answer Stats
Hint Answer % Correct
Douglas fir
93%
Ponderosa pine
93%
Eastern White pine
64%
Jack pine
57%
Whitebark pine
50%
Longleaf pine
50%
Shortleaf pine
50%
Red pine
50%
Engelmann spruce
36%
Western larch
21%
No matching quizzes found
Score Distribution
Percent of People with Each Score
Percentile by Number Answered
Your Score History
You have not taken this quiz